Pays dans leur langue d'origine - Aléatoire - Statistiques

Statistiques générales
  • Ce quiz a été pris 53 fois
  • Le résultat moyen est 15 sur 20
Statistiques - réponses
Nom d'origine Nom français % Correct
الجزائر Algérie
100%
Deutschland Allemagne
100%
Angola Angola
100%
Antigua and Barbuda Antigua-et-Barbuda
100%
Australia Australie
100%
Azərbaycan Azerbaïdjan
100%
Bahamas Bahamas
100%
Barbados Barbade
100%
België Belgique
100%
Bénin Bénin
100%
Bolivia Bolivie
100%
Bosna i Hercegovina Bosnie-Herzégovine
100%
Botswana Botswana
100%
Brasil Brésil
100%
Burkina Faso Burkina Faso
100%
Burundi Burundi
100%
Cameroun Cameroun
100%
Canada Canada
100%
Chile Chili
100%
中国 Chine
100%
Colombia Colombie
100%
조선인민주의 공화국 Corée du Nord
100%
대한민국 Corée du Sud
100%
Costa Rica Costa Rica
100%
Côte d'Ivoire Côte d'Ivoire
100%
Hrvatska Croatie
100%
Cuba Cuba
100%
Danmark Danemark
100%
Dominica Dominique
100%
Ecuador Équateur
100%
España Espagne
100%
United States États-Unis
100%
France France
100%
Gabon Gabon
100%
Gambia Gambie
100%
Ghana Ghana
100%
Grenada Grenade
100%
Guatemala Guatemala
100%
Guinée Guinée
100%
Guiné-Bissau Guinée-Bissau
100%
Guinea Ecuatorial Guinée Équatoriale
100%
Guyana Guyana
100%
Honduras Honduras
100%
Indonesia Indonésie
100%
Ísland Islande
100%
ישראל Israël
100%
Jamaica Jamaïque
100%
日本 Japon
100%
Kosova Kosovo
100%
Liberia Liberia
100%
Lietuva Lituanie
100%
Madagasikara Madagascar
100%
Malaysia Malaisie
100%
Malawi Malawi
100%
Mali Mali
100%
Malta Malte
100%
Moçambique Mozambique
100%
Niger Niger
100%
Nigeria Nigeria
100%
Norge Norvège
100%
Panamá Panama
100%
Paraguay Paraguay
100%
Nederland Pays-Bas
100%
Perú Pérou
100%
Pilipinas Philippines
100%
Polska Pologne
100%
Portugal Portugal
100%
République Centrafricaine République Centrafricaine
100%
République démocratique du Congo République Démocratique du Congo
100%
República Dominicana République Dominicaine
100%
République du Congo République du Congo
100%
România Roumanie
100%
Rwanda Rwanda
100%
San Marino Saint-Marin
100%
El Salvador Salvador
100%
Sāmoa Samoa
100%
Sénégal Sénégal
100%
Sierra Leone Sierra Leone
100%
Singapore Singapour
100%
South Sudan Soudan du Sud
100%
Suriname Suriname
100%
Tanzania Tanzanie
100%
Česko Tchèquie
100%
Trinidad and Tobago Trinité-et-Tobago
100%
Turkmenistan Turkménistan
100%
Türkiye Turquie
100%
Tuvalu Tuvalu
100%
Uruguay Uruguay
100%
Vanuatu Vanuatu
100%
Venezuela Venezuela
100%
Việt Nam Viêt Nam
100%
Zambia Zambie
100%
Zimbabwe Zimbabwe
100%
Éire Irlande
89%
Andorra Andorre
88%
Cabo Verde Cap-Vert
88%
Federated States of Micronesia États Fédérés de Micronésie
88%
Saint Lucia Sainte-Lucie
88%
Sverige Suède
88%
Ayiti Haïti
86%
Lesotho Lesotho
86%
Papua New Guinea Papouasie-Nouvelle-Guinée
86%
Österreich Autriche
83%
ایران Iran
83%
Liechtenstein Liechtenstein
83%
Monaco Monaco
83%
Namibia Namibie
83%
Slovensko Slovaquie
83%
Slovenija Slovénie
83%
Timor-Leste Timor Oriental
83%
Togo Togo
82%
Brunei Brunei
80%
Solomon Islands Îles Salomon
80%
Italia Italie
80%
Kenya Kenya
80%
Latvija Lettonie
80%
Северна Македонија Macédoine du Nord
80%
Россия Russie
80%
Città del Vaticano Vatican
80%
Lëtzebuerg Luxembourg
78%
Saint Vincent and the Grenadines Saint-Vincent-et-les-Grenadines
78%
Беларусь Biélorussie
75%
Eesti Estonie
75%
eSwatini Eswatini
75%
Ελλάς Grèce
75%
Moldova Moldavie
75%
Монгол Улс Mongolie
75%
Saint Kitts and Nevis Saint-Christophe- et-Niévès
75%
Schweiz Suisse
75%
الإمارات العربيّة المتّحدة Émirats Arabes Unis
71%
Nicaragua Nicaragua
71%
Uganda Ouganda
71%
Argentina Argentine
67%
Belize Belize
67%
Κύπρος Chypre
67%
Suomi Finlande
67%
Kiribati Kiribati
67%
Moris Maurice
67%
United Kingdom Royaume-Uni
67%
Soomaaliya Somalie
67%
Tonga Tonga
67%
Україна Ukraine
67%
افغانستان Afghanistan
63%
Қазақстан Kazakhstan
63%
سورية Syrie
60%
Aotearoa Nouvelle-Zélande
57%
Србија Serbie
57%
South Africa Afrique du Sud
50%
България Bulgarie
50%
مصر Égypte
50%
Magyarország Hongrie
50%
भारत Inde
50%
Кыргызстан Kirghizistan
50%
لبنان Liban
50%
México Mexique
50%
عُمان Oman
50%
Ўзбекистон Ouzbékistan
50%
São Tomé e Príncipe Sao Tomé-et-Principe
50%
Sesel Seychelles
50%
Тоҷикистон Tadjikistan
50%
เมืองไทย Thaïlande
50%
საქართველო Géorgie
43%
قطر Qatar
43%
Jabuuti Djibouti
40%
ປະເທດລາວ Laos
40%
Հայաստան Arménie
33%
ኢትዮጵያ Éthiopie
33%
العراق Irak
33%
Belau Palaos
33%
السودان Soudan
33%
پاکستان Pakistan
29%
Shqipëria Albanie
25%
འབྲུག་ཡུལ Bhoutan
25%
Aorōkin M̧ajeļ Îles Marshall
25%
ليبيا Libye
25%
Црна Гора Monténégro
25%
Naoero Nauru
25%
دولة الكويت Koweït
20%
اليمن Yémen
20%
မြန်မာ Birmanie
17%
नेपाल Népal
17%
Viti Fidji
14%
البحرين Bahreïn
13%
বাংলাদেশ Bangladesh
13%
المملكة العربية السعودية Arabie Saoudite
0%
កម្ពុជា Cambodge
0%
جزر القمر Comores
0%
Ertra Érythrée
0%
الأردن Jordanie
0%
ދިވެހިރާއްޖެ Maldives
0%
المغرب Maroc
0%
موريتانيا Mauritanie
0%
ශ්‍රී ලංකාව Sri Lanka
0%
臺灣 Taïwan
0%
تشاد Tchad
0%
تونس Tunisie
0%
Aucun quiz correspondant
Distribution des résultats
% des personnes avec chaque résultat
Percentile par nombre de réponses
Votre historique - résultats
Vous n’avez pas pris ce quiz